00483 a2200181 450000100060000002000150000604000370002110000200005824000300007824500250010830000070013336200090014044000080014965000310015794200070018895200890019599900170028471960 a853224808X cAnchieta - Colégio São Paulo aPorto, Cristina10aQuem conta um conto?lpor10aQuem conta um conto? a640 a2001 1aFTD 4aLiteratura infanto-juvenil cBK 00104070a88.1b88.1d2023-11-22l0p1275/CSPr2023-11-22 14:28:15w2023-11-22yBK c71960d71960